Find Out The Lyrics #7 - Statistics

General Stats
  • This quiz has been taken 194 times
  • The average score is 98 of 243
Answer Stats
Answer % Correct
I
99%
a
96%
A
96%
the
94%
An
85%
we
84%
to
81%
me
77%
on
77%
and
74%
And
74%
it
73%
are
72%
do
72%
no
71%
My
64%
your
63%
will
62%
for
61%
what
59%
why
52%
this
51%
us
47%
up
46%
I'm
45%
how
44%
now
44%
It's
43%
it's
43%
know
41%
out
41%
at
40%
With
39%
Oh
37%
has
36%
Here
36%
feel
35%
just
35%
Our
35%
been
32%
Yeah
29%
yeah
29%
always
28%
over
27%
end
23%
Hello
22%
hello
22%
find
20%
little
20%
low
20%
well
20%
word
20%
hard
19%
entertain
18%
hey
18%
less
18%
best
17%
friends
17%
lights
17%
She's
16%
stupid
16%
bring
15%
contagious
15%
denial
15%
until
15%
albino
14%
dangerous
14%
forget
14%
lose
14%
makes
14%
fun
13%
guns
13%
libido
13%
mosquito
13%
smile
13%
self
12%
dirty
11%
found
11%
gift
11%
Load
11%
nevermind
11%
whatever
11%
assured
10%
guess
10%
mulatto
10%
blessed
9%
group
9%
pretend
9%
bored
8%
worse
8%
taste
6%
yay
4%
heloo
0%
No matching quizzes found
Score Distribution
Percent of People with Each Score
Percentile by Number Answered
Your Score History
You have not taken this quiz